Law and society in England, 1750-1950
Saved in:
| Main Authors: | , |
|---|---|
| 格式: | 圖書 |
| 語言: | 英语 |
| 出版: |
Londres
Sweet & Maxwell
1989
|
| 主題: | |
| 標簽: |
添加標簽
沒有標簽, 成為第一個標記此記錄!
|
MARC
| LEADER | 00000cam a2200000 a 4500 | ||
|---|---|---|---|
| 001 | UCF7426 | ||
| 003 | CL-VaPUC | ||
| 008 | 130627e19890000UK |||||||||||||||||eng|d | ||
| 020 | |a 0421311401 | ||
| 082 | 0 | 4 | |a 340.115 |b COR |2 21 |
| 100 | 0 | |a Cornish, W. R |e author |9 569479 | |
| 700 | 0 | |a Clark, G. de N |e author |9 569480 | |
| 245 | 1 | 0 | |a Law and society in England, 1750-1950 |
| 300 | |a 690 p | ||
| 942 | |c BK | ||
| 945 | |d 20130627 00:00:00 |a cmena | ||
| 260 | |a Londres |b Sweet & Maxwell |c 1989 | ||
| 650 | 0 | |a Derecho y sociedad |9 255963 | |
| 650 | 0 | |a Historia del derecho |9 255109 | |
| 650 | 0 | |a Derecho inglés |9 385415 | |
| 583 | |a last modification |c 20130627 13:18:00 |k Rodrigo Vera | ||
| 999 | |c 352269 |d 352267 | ||
| 952 | |0 0 |1 0 |4 0 |6 340_115000000000000_COR_1989 |7 0 |8 A |9 456742 |a BIBEDU |b BIBEDU |d 2019-11-22 |i 4841506 |o 340.115 COR 1989 |p 4841506 |r 2019-11-22 |w 2019-11-22 |y BK |k LIT | ||